[Event "SVK-chT 2223"]
[Site "Slovakia"]
[Date "2023.01.22"]
[Round "6.3"]
[White "Skreko, Igor1"]
[Black "Pcola, Pavol"]
[Result "1/2-1/2"]
[WhiteElo "1950"]
[BlackElo "2381"]
[PlyCount "81"]
[EventDate "2022.10.22"]
[EventType "team-tourn"]
[EventRounds "11"]
[EventCountry "SVK"]
[SourceTitle "EXT 2024"]
[Source "ChessBase"]
[SourceDate "2023.10.10"]
[SourceVersion "1"]
[SourceVersionDate "2023.10.10"]
[SourceQuality "1"]
[WhiteTeam "Osuske"]
[BlackTeam "Humenne Reinter"]
[WhiteTeamCountry "SVK"]
[BlackTeamCountry "SVK"]

1. d4 d5 2. c4 c6 3. Nf3 Nf6 4. e3 e6 5. b3 Nbd7 6. Bd3 Bd6 7. Bb2 0-0 8. 0-0 Re8 9. Ne5 Qc7 10. f4 Ne4 11. Nc3 f5 12. Rc1 Ndf6 13. Qe1 Qe7 14. Rc2 Bd7 15. Kh1 Nxc3 16. Bxc3 Ne4 17. c5 Bxe5 18. fxe5 Rf8 19. Ba5 Be8 20. Bxe4 fxe4 21. Rxf8+ Kxf8 22. Qg3 Kg8 23. Rf2 Bg6 24. h3 Rf8 25. Rxf8+ Kxf8 26. Kg1 Ke8 27. Qe1 Kd7 28. Qb4 Kc8 29. Qe1 Kd7 30. Bd2 Qg5 31. Bc1 Bh5 32. Kh2 Kc8 33. a4 Qe7 34. b4 Be8 35. Qe2 a6 36. Bd2 h6 37. Be1 g5 38. Bg3 Qf7 39. Be1 Qh5 40. Qf2 Qf7 41. Qxf7 1/2-1/2

[Event "SVK-chT 1920"]
[Site "Slovakia"]
[Date "2019.10.19"]
[Round "1.4"]
[White "Czebe, Attila"]
[Black "Pcola, Pavol"]
[Result "1/2-1/2"]
[WhiteElo "2358"]
[BlackElo "2380"]
[PlyCount "44"]
[EventDate "2019.10.19"]
[EventType "team-tourn"]
[EventRounds "11"]
[EventCountry "SVK"]
[SourceTitle "CBM 192 Extra"]
[Source "Chessbase"]
[SourceDate "2019.11.06"]
[SourceVersion "1"]
[SourceVersionDate "2019.11.06"]
[SourceQuality "1"]
[WhiteTeam "Dunajska Streda"]
[BlackTeam "Humenne Reinter"]
[WhiteTeamCountry "SVK"]
[BlackTeamCountry "SVK"]

1. e4 e6 2. d3 d5 3. Nd2 c5 4. g3 Nc6 5. Bg2 Nge7 6. Ngf3 g6 7. 0-0 Bg7 8. exd5 exd5 9. d4 cxd4 10. Nb3 Bg4 11. h3 Bxf3 12. Qxf3 0-0 13. Bg5 h6 14. Bxe7 Nxe7 15. Rad1 Rc8 16. Rd2 Rc7 17. Nxd4 Bxd4 18. Rxd4 Rxc2 19. Qb3 Qc7 20. Bxd5 Nxd5 21. Rxd5 Re8 22. Rfd1 Rc1 1/2-1/2

[Event "SVK-chT 1819"]
[Site "Slovakia"]
[Date "2019.04.12"]
[Round "9.1"]
[White "Jacko, Vladimir1"]
[Black "Pcola, Pavol"]
[Result "0-1"]
[WhiteElo "2330"]
[BlackElo "2382"]
[PlyCount "50"]
[EventDate "2018.11.10"]
[EventType "team-tourn"]
[EventRounds "11"]
[EventCountry "SVK"]
[SourceTitle "CBM 189 Extra"]
[Source "ChessBase"]
[SourceDate "2019.05.31"]
[SourceVersion "1"]
[SourceVersionDate "2019.05.31"]
[SourceQuality "1"]
[WhiteTeam "Prakovce"]
[BlackTeam "Snina Reinter"]
[WhiteTeamCountry "SVK"]
[BlackTeamCountry "SVK"]

1. Nf3 d5 2. g3 Nf6 3. Bg2 c6 4. 0-0 Bf5 5. d3 h6 6. Nbd2 e6 7. Re1 Be7 8. b3 0-0 9. Bb2 Nbd7 10. c4 Bh7 11. a3 a5 12. Qc2 Qb8 13. Bc3 b5 14. cxb5 cxb5 15. b4 Rc8 16. Qb3 axb4 17. Bxb4 Bc5 18. Qb2 Qb6 19. Bxc5 Nxc5 20. Rab1 Bxd3 21. Rbc1 Bh7 22. Ne5 Qa5 23. Nb3 Nxb3 24. Qxb3 Qd2 25. Rb1 Bxb1 0-1

[Event "SVK-chT 1718"]
[Site "Slovakia"]
[Date "2018.01.07"]
[Round "8.3"]
[White "Pcola, Pavol"]
[Black "Hanko, Pavol"]
[Result "1-0"]
[WhiteElo "2374"]
[BlackElo "2087"]
[PlyCount "95"]
[EventDate "2017.09.30"]
[EventType "team-tourn"]
[EventRounds "11"]
[EventCountry "SVK"]
[SourceTitle "EXT 2019"]
[Source "ChessBase"]
[SourceDate "2018.10.10"]
[SourceVersion "1"]
[SourceVersionDate "2018.10.10"]
[SourceQuality "1"]
[WhiteTeam "Snina Reinter"]
[BlackTeam "Dunajov Inbest"]
[WhiteTeamCountry "SVK"]
[BlackTeamCountry "SVK"]

1. c4 Nf6 2. g3 g6 3. Bg2 Bg7 4. Nc3 0-0 5. d4 d6 6. e3 Nc6 7. Nge2 a6 8. 0-0 Rb8 9. b3 Na5 10. Bd2 c5 11. Nd5 Nc6 12. Bc3 Bf5 13. dxc5 dxc5 14. Nxf6+ exf6 15. Bxc6 bxc6 16. Qxd8 Rfxd8 17. Ba5 Rd7 18. Rad1 Rbb7 19. Nc3 Bh3 20. Rfe1 f5 21. Na4 Bf8 22. f3 g5 23. Kf2 h5 24. Bb6 f4 25. exf4 gxf4 26. Bxc5 Bh6 27. Bd4 Re7 28. Nc5 Rxe1 29. Rxe1 Rb8 30. Be5 Rd8 31. Bxf4 Bg7 32. Be3 a5 33. Ke2 Bf8 34. Ne4 Bg7 35. Rd1 Ra8 36. Nc5 Bf8 37. Na4 Re8 38. Kf2 Bb4 39. c5 Be6 40. Rd6 Rc8 41. Bd2 Bxd2 42. Rxd2 Bf5 43. Nb6 Rb8 44. Ke3 Re8+ 45. Kf4 Bg6 46. Nc4 Ra8 47. Ne5 a4 48. Nxc6 1-0

[Event "SVK-chT 1617"]
[Site "Slovakia"]
[Date "2017.02.18"]
[Round "7.3"]
[White "Pcola, Pavol"]
[Black "Maslik, Miroslav"]
[Result "1-0"]
[WhiteElo "2392"]
[BlackElo "2355"]
[PlyCount "125"]
[EventDate "2016.10.22"]
[EventType "team-tourn"]
[EventRounds "11"]
[EventCountry "SVK"]
[SourceTitle "CBM 177 Extra"]
[Source "ChessBase"]
[SourceDate "2017.04.27"]
[SourceVersion "1"]
[SourceVersionDate "2017.04.27"]
[SourceQuality "1"]
[WhiteTeam "Humenne Reinter"]
[BlackTeam "Modra"]
[WhiteTeamCountry "SVK"]
[BlackTeamCountry "SVK"]

1. c4 e6 2. g3 d5 3. Bg2 dxc4 4. Nf3 Nf6 5. 0-0 a6 6. a4 Nc6 7. Na3 Bxa3 8. bxa3 e5 9. Bb2 Qd6 10. Qc2 Be6 11. Rfd1 0-0 12. Ng5 Nd4 13. Bxd4 exd4 14. Nxe6 Qxe6 15. Bxb7 Rab8 16. Bf3 Rb3 17. Rac1 c3 18. dxc3 Rxc3 19. Qd2 Qe5 20. Rxc3 dxc3 21. Qc2 g6 22. Rd3 c5 23. Rxc3 Rd8 24. Kg2 Rc8 25. Re3 Qd6 26. Qc4 a5 27. Rd3 Qe6 28. Qb5 c4 29. Re3 Qf5 30. Rc3 Rc5 31. Qa6 Qe6 32. Qxe6 fxe6 33. e4 Nd7 34. Bd1 Kf7 35. Kf3 e5 36. Rc1 c3 37. Bb3+ Ke7 38. Ke3 Rc7 39. Bc2 Nc5 40. Rb1 Ne6 41. Rb5 Rc5 42. Kd3 Kd6 43. Rxc5 Kxc5 44. Kxc3 g5 45. Kd3 h6 46. Bb3 Nd4 47. Bd5 Nf3 48. h3 Nd4 49. Ke3 Kd6 50. f4 gxf4+ 51. gxf4 Nc2+ 52. Kd2 Nd4 53. Kd3 Nf3 54. f5 Ng5 55. h4 Nf3 56. h5 Kc5 57. f6 Ng5 58. f7 Nh7 59. Be6 Nf8 60. Bf5 Kd6 61. Kc4 Kc6 62. Bg4 Nh7 63. Bh3 1-0

[Event "SVK-chT 1617"]
[Site "Slovakia"]
[Date "2016.12.17"]
[Round "3.1"]
[White "Pcola, Pavol"]
[Black "Istona, Martin"]
[Result "1/2-1/2"]
[WhiteElo "2392"]
[BlackElo "2196"]
[PlyCount "42"]
[EventDate "2016.10.22"]
[EventType "team-tourn"]
[EventRounds "11"]
[EventCountry "SVK"]
[SourceTitle "CBM 177 Extra"]
[Source "ChessBase"]
[SourceDate "2017.04.27"]
[SourceVersion "1"]
[SourceVersionDate "2017.04.27"]
[SourceQuality "1"]
[WhiteTeam "Humenne Reinter"]
[BlackTeam "Sabinov"]
[WhiteTeamCountry "SVK"]
[BlackTeamCountry "SVK"]

1. c4 c5 2. g3 Nc6 3. Bg2 g6 4. Nf3 Bg7 5. Nc3 e6 6. 0-0 Nge7 7. b3 d5 8. cxd5 exd5 9. Bb2 0-0 10. Na4 Bxb2 11. Nxb2 d4 12. Nd3 b6 13. Rc1 Nd5 14. b4 Ndxb4 15. Nxb4 Nxb4 16. Ne5 Rb8 17. a3 Qf6 18. axb4 Qxe5 19. bxc5 bxc5 20. Qc2 Qxe2 21. Qxc5 Qxd2 1/2-1/2

[Event "Tatry op"]
[Site "Tatranske Zruby"]
[Date "2016.09.29"]
[Round "7"]
[White "Pcola, Pavol"]
[Black "Hronik, Petr"]
[Result "1-0"]
[WhiteElo "2392"]
[BlackElo "1904"]
[PlyCount "81"]
[EventDate "2016.09.24"]
[EventType "swiss"]
[EventRounds "9"]
[EventCountry "SVK"]
[SourceTitle "CBM 174 Extra"]
[Source "ChessBase"]
[SourceDate "2016.10.10"]
[SourceVersion "1"]
[SourceVersionDate "2016.10.10"]
[SourceQuality "1"]

1. c4 Nf6 2. g3 c6 3. Bg2 d5 4. Nf3 Bf5 5. cxd5 Nxd5 6. d3 Bg6 7. Nc3 e6 8. 0-0 Be7 9. Ne5 Nd7 10. Nxd5 exd5 11. Nxg6 hxg6 12. e4 dxe4 13. dxe4 Qb6 14. Qc2 Qc5 15. Qxc5 Nxc5 16. Rd1 Ne6 17. Be3 Bc5 18. Bxc5 Nxc5 19. Rac1 Ne6 20. b4 Rd8 21. Rxd8+ Kxd8 22. h4 Ke7 23. Kf1 Rd8 24. Ke2 c5 25. bxc5 Rc8 26. e5 Rxc5 27. Rxc5 Nxc5 28. Ke3 b6 29. Kd4 Kd7 30. Bd5 Ke7 31. Bc4 a6 32. Kd5 Kd7 33. Bf1 Kc7 34. f3 Kd7 35. Bh3+ Kc7 36. f4 Na4 37. e6 fxe6+ 38. Kxe6 Nc3 39. Kf7 Nxa2 40. Kxg7 Nc3 41. Kxg6 1-0

[Event "SVK-chT 1516"]
[Site "Slovakia"]
[Date "2016.02.28"]
[Round "8.5"]
[White "Pcola, Pavol"]
[Black "Spacek, Oliver"]
[Result "1-0"]
[WhiteElo "2383"]
[BlackElo "2104"]
[PlyCount "109"]
[EventDate "2015.10.10"]
[EventType "team-tourn"]
[EventRounds "11"]
[EventCountry "SVK"]
[SourceTitle "EXT 2017"]
[Source "ChessBase"]
[SourceDate "2016.10.25"]
[SourceVersion "1"]
[SourceVersionDate "2016.10.25"]
[SourceQuality "1"]
[WhiteTeam "Humenne Reinter"]
[BlackTeam "Cadca Caissa"]
[WhiteTeamCountry "SVK"]
[BlackTeamCountry "SVK"]

1. c4 g6 2. g3 Bg7 3. Bg2 e5 4. Nc3 Ne7 5. e3 c6 6. Nge2 0-0 7. d4 d6 8. 0-0 Qc7 9. b3 Rd8 10. Qd2 Nd7 11. Rd1 exd4 12. Nxd4 Nf6 13. Bb2 Bg4 14. f3 Be6 15. Rac1 Qa5 16. Nd5 Qxd2 17. Nxe7+ Kf8 18. Nxg6+ hxg6 19. Rxd2 d5 20. cxd5 Nxd5 21. Nxe6+ fxe6 22. Bxg7+ Kxg7 23. Rcd1 Re8 24. e4 Nb6 25. h4 e5 26. a4 a5 27. Bh3 Re7 28. Rc1 Ra6 29. Rd8 Ra8 30. Rxa8 Nxa8 31. Rc5 Nc7 32. Rxa5 Na6 33. Bc8 Rc7 34. Bh3 Re7 35. Bf1 Kf6 36. Kf2 Re8 37. Ke3 Rd8 38. f4 Nb4 39. fxe5+ Ke7 40. Ra7 Nc2+ 41. Kf2 Rd2+ 42. Kf3 Ke6 43. Rxb7 Kxe5 44. Bc4 Ne1+ 45. Ke3 Rg2 46. Re7+ Kd6 47. Re6+ Kc5 48. Rxg6 Nc2+ 49. Kf4 Rf2+ 50. Kg5 Ne3 51. h5 Kd4 52. Rxc6 Rg2 53. h6 Rxg3+ 54. Kf6 Ng4+ 55. Ke7 1-0

[Event "Tatry op"]
[Site "Tatranske Zruby"]
[Date "2015.10.02"]
[Round "8"]
[White "Szotkowski, Jakub"]
[Black "Pcola, Pavol"]
[Result "0-1"]
[WhiteElo "2328"]
[BlackElo "2383"]
[PlyCount "100"]
[EventDate "2015.09.26"]
[EventType "swiss"]
[EventRounds "9"]
[EventCountry "SVK"]
[SourceTitle "CBM 168 Extra"]
[Source "ChessBase"]
[SourceDate "2015.10.29"]
[SourceVersion "1"]
[SourceVersionDate "2015.10.29"]
[SourceQuality "1"]

1. d4 d5 2. c4 c6 3. Nf3 Nf6 4. e3 g6 5. b3 Bg7 6. Be2 0-0 7. 0-0 Ne4 8. Bb2 Nd7 9. Nbd2 Ndf6 10. Rc1 Nxd2 11. Nxd2 Re8 12. b4 Bd7 13. a4 Rc8 14. Qb3 Ne4 15. Nxe4 dxe4 16. Rfd1 a6 17. a5 Be6 18. Qc2 f5 19. Qb1 Bf7 20. Qa1 Qd7 21. Qa4 Red8 22. b5 cxb5 23. cxb5 axb5 24. Bxb5 Qd5 25. g3 Bf6 26. Bf1 Kg7 27. Ba1 Qb3 28. Qxb3 Bxb3 29. Rxc8 Rxc8 30. Rb1 Bd5 31. Rb5 e6 32. Bb2 Be7 33. a6 bxa6 34. Ra5 Rc2 35. Ba3 Ra2 36. Rxd5 exd5 37. Bxe7 Kf7 38. Bc5 Ke6 39. h3 Ra1 40. Kg2 Kd7 41. g4 fxg4 42. hxg4 Kc6 43. Be2 a5 44. f3 exf3+ 45. Bxf3 a4 46. e4 a3 47. exd5+ Kd7 48. g5 a2 49. Bg4+ Ke8 50. d6 Rb1 0-1

[Event "Tatry op"]
[Site "Tatranske Zruby"]
[Date "2015.10.01"]
[Round "7"]
[White "Pcola, Pavol"]
[Black "Haring, Viktor"]
[Result "1-0"]
[WhiteElo "2383"]
[BlackElo "2189"]
[PlyCount "97"]
[EventDate "2015.09.26"]
[EventType "swiss"]
[EventRounds "9"]
[EventCountry "SVK"]
[SourceTitle "CBM 168 Extra"]
[Source "ChessBase"]
[SourceDate "2015.10.29"]
[SourceVersion "1"]
[SourceVersionDate "2015.10.29"]
[SourceQuality "1"]

1. c4 e5 2. g3 Nf6 3. Bg2 d5 4. cxd5 Nxd5 5. Nc3 Nb6 6. Nf3 Nc6 7. 0-0 Be7 8. d3 Be6 9. Be3 0-0 10. Ne4 Bd5 11. Nc3 Be6 12. a3 f6 13. Rc1 Nd5 14. Nxd5 Bxd5 15. Qa4 Qd7 16. Nd2 Rfd8 17. Bxd5+ Qxd5 18. Qb3 Qxb3 19. Nxb3 a5 20. Nc5 Bxc5 21. Rxc5 a4 22. Rfc1 Kf7 23. Rb5 Rdb8 24. f4 Ke6 25. fxe5 fxe5 26. Rc4 Kd6 27. Bc5+ Kd7 28. Bf2 b6 29. Be1 Rf8 30. Bc3 Rf6 31. Bxe5 Rf5 32. d4 Nxe5 33. dxe5 c5 34. Rxb6 Rxe5 35. e4 Kc7 36. Rbb4 Rxe4 37. Rxc5+ Kd6 38. Rxe4 Kxc5 39. Re7 Rb8 40. Rxg7 Rxb2 41. Ra7 Kd4 42. Rxa4+ Ke3 43. Rf4 Ra2 44. a4 h5 45. h4 Rb2 46. Rf5 Ra2 47. a5 Ke4 48. Rxh5 Kf3 49. Rg5 1-0

[Event "SVK-chT1E 1415"]
[Site "Slovakia"]
[Date "2015.03.15"]
[Round "11.4"]
[White "Pcola, Pavol"]
[Black "Tropp, Frantisek"]
[Result "1-0"]
[WhiteElo "2390"]
[BlackElo "2095"]
[PlyCount "73"]
[EventDate "2014.10.18"]
[EventType "team-tourn"]
[EventRounds "11"]
[EventCountry "SVK"]
[SourceTitle "EXT 2016"]
[Source "ChessBase"]
[SourceDate "2015.10.08"]
[SourceVersion "1"]
[SourceVersionDate "2015.10.08"]
[SourceQuality "1"]
[WhiteTeam "Humenne"]
[BlackTeam "Liptov Chess School II"]
[WhiteTeamCountry "SVK"]
[BlackTeamCountry "SVK"]

1. c4 e5 2. Nc3 Nc6 3. g3 g6 4. Bg2 Bg7 5. d3 d6 6. e4 Nge7 7. Nge2 0-0 8. Be3 Be6 9. Qd2 Qd7 10. Nd5 Nd4 11. 0-0 Nxe2+ 12. Qxe2 c6 13. Nxe7+ Qxe7 14. f4 f5 15. Rad1 c5 16. fxe5 dxe5 17. Rf2 Rad8 18. Bd2 Qd7 19. exf5 Bxf5 20. Bd5+ Be6 21. Bxe6+ Qxe6 22. Rxf8+ Rxf8 23. Bc3 Rd8 24. Rf1 b5 25. cxb5 Qxa2 26. Qe4 Qd5 27. Qc4 Bh6 28. Ra1 Rd7 29. Rxa7 Qxc4 30. Ra8+ Kf7 31. dxc4 Be3+ 32. Kf1 Bd4 33. Ke2 e4 34. b6 Ke6 35. Ra7 Rd6 36. b7 Rb6 37. Ra6 1-0

[Event "SVK-chT1E 1415"]
[Site "Slovakia"]
[Date "2015.03.14"]
[Round "10.3"]
[White "Pcola, Pavol"]
[Black "Michalicka, Milan"]
[Result "1-0"]
[WhiteElo "2390"]
[BlackElo "2202"]
[PlyCount "87"]
[EventDate "2014.10.18"]
[EventType "team-tourn"]
[EventRounds "11"]
[EventCountry "SVK"]
[SourceTitle "EXT 2016"]
[Source "ChessBase"]
[SourceDate "2015.10.08"]
[SourceVersion "1"]
[SourceVersionDate "2015.10.08"]
[SourceQuality "1"]
[WhiteTeam "Humenne"]
[BlackTeam "Banska Bystrica CVC"]
[WhiteTeamCountry "SVK"]
[BlackTeamCountry "SVK"]

1. c4 c5 2. Nc3 Nf6 3. g3 e6 4. Bg2 d5 5. cxd5 exd5 6. Nf3 d4 7. Nb5 Nc6 8. 0-0 a6 9. Na3 Be7 10. d3 0-0 11. Nc4 Re8 12. Bd2 Be6 13. Nce5 Nxe5 14. Nxe5 Bd5 15. Nf3 Bf8 16. Re1 Rc8 17. a3 Qb6 18. b4 cxb4 19. Bxb4 Bxb4 20. Rb1 Qa5 21. axb4 Qb6 22. Qa4 Red8 23. b5 a5 24. Rec1 Bxf3 25. Bxf3 Rc3 26. Rxc3 dxc3 27. Qc4 h5 28. Rc1 Ng4 29. Bxg4 hxg4 30. Rxc3 Re8 31. e3 Re5 32. Rb3 Rc5 33. Qxg4 Rxb5 34. Qc8+ Kh7 35. Qf5+ Rxf5 36. Rxb6 a4 37. Rxb7 Ra5 38. Rb2 Kg6 39. Kg2 Kf5 40. Kf3 Ke5 41. Ke2 Kd5 42. Kd2 a3 43. Ra2 g5 44. h4 1-0

[Event "SVK-chT1E 1415"]
[Site "Slovakia"]
[Date "2015.01.31"]
[Round "7.3"]
[White "Peterson, Eric"]
[Black "Pcola, Pavol"]
[Result "0-1"]
[WhiteElo "2193"]
[BlackElo "2390"]
[PlyCount "86"]
[EventDate "2014.10.18"]
[EventType "team-tourn"]
[EventRounds "11"]
[EventCountry "SVK"]
[SourceTitle "EXT 2016"]
[Source "ChessBase"]
[SourceDate "2015.10.08"]
[SourceVersion "1"]
[SourceVersionDate "2015.10.08"]
[SourceQuality "1"]
[WhiteTeam "Sabinov"]
[BlackTeam "Humenne"]
[WhiteTeamCountry "SVK"]
[BlackTeamCountry "SVK"]

1. e4 e6 2. d4 d5 3. Nc3 Nc6 4. Nf3 Nf6 5. exd5 exd5 6. Bg5 Be7 7. Be2 0-0 8. 0-0 Re8 9. Ne5 Nxe5 10. dxe5 Ne4 11. Nxe4 dxe4 12. Qxd8 Bxd8 13. Bxd8 Rxd8 14. Rad1 Be6 15. b3 Kf8 16. f4 exf3 17. Bxf3 c6 18. Be4 h6 19. Kf2 Rxd1 20. Rxd1 Re8 21. Re1 Rd8 22. Ke3 Ke7 23. g3 Rd7 24. c4 c5 25. Rf1 b6 26. Bc6 Rd8 27. Be4 Rd4 28. Bg2 a5 29. Bc6 Bh3 30. Rf2 Rd1 31. Rd2 Re1+ 32. Re2 Rxe2+ 33. Kxe2 Ke6 34. Bd5+ Kxe5 35. Bxf7 Kd4 36. Kd2 a4 37. bxa4 Bd7 38. a3 Bf5 39. Bg8 Bd3 40. Bf7 Bxc4 41. Be8 Bb3 42. Bc6 c4 43. Bd7 c3+ 0-1

[Event "SVK-chT1E 1314"]
[Site "Slovakia"]
[Date "2014.03.23"]
[Round "11.4"]
[White "Druska, Juraj"]
[Black "Pcola, Pavol"]
[Result "1/2-1/2"]
[WhiteElo "2370"]
[BlackElo "2387"]
[PlyCount "64"]
[EventDate "2013.10.12"]
[EventType "team-tourn"]
[EventRounds "11"]
[EventCountry "SVK"]
[SourceTitle "EXT 2015"]
[Source "ChessBase"]
[SourceDate "2014.11.20"]
[SourceVersion "1"]
[SourceVersionDate "2014.11.20"]
[SourceQuality "1"]
[WhiteTeam "Prakovce"]
[BlackTeam "Humenne"]
[WhiteTeamCountry "SVK"]
[BlackTeamCountry "SVK"]

1. e4 e6 2. d4 d5 3. Bd3 dxe4 4. Bxe4 Nf6 5. Bf3 c5 6. Ne2 Nc6 7. Be3 Nxd4 8. Nxd4 cxd4 9. Bxd4 Bd6 10. Nc3 0-0 11. 0-0 e5 12. Be3 e4 13. Nxe4 Nxe4 14. Bxe4 Bxh2+ 15. Kxh2 Qh4+ 16. Kg1 Qxe4 17. Bc5 Re8 18. Re1 Qxe1+ 19. Qxe1 Rxe1+ 20. Rxe1 Be6 21. Rd1 f6 22. Be3 Kf7 23. b3 Rc8 24. c4 a6 25. a4 h5 26. f3 Re8 27. Kf2 Bf5 28. Rd6 Re6 29. Rd2 Re7 30. Rd6 Re6 31. Rd2 Re7 32. Rd6 Re6 1/2-1/2

[Event "SVK-chT1E 1314"]
[Site "Slovakia"]
[Date "2014.03.22"]
[Round "10.4"]
[White "Pcola, Pavol"]
[Black "Peterson, Eric"]
[Result "1-0"]
[WhiteElo "2387"]
[BlackElo "2235"]
[PlyCount "135"]
[EventDate "2013.10.12"]
[EventType "team-tourn"]
[EventRounds "11"]
[EventCountry "SVK"]
[SourceTitle "EXT 2015"]
[Source "ChessBase"]
[SourceDate "2014.11.20"]
[SourceVersion "1"]
[SourceVersionDate "2014.11.20"]
[SourceQuality "1"]
[WhiteTeam "Humenne"]
[BlackTeam "Kezmarok"]
[WhiteTeamCountry "SVK"]
[BlackTeamCountry "SVK"]

1. c4 e6 2. g3 d5 3. Bg2 Nf6 4. Nf3 Be7 5. 0-0 0-0 6. b3 d4 7. Bb2 Nc6 8. a3 a5 9. d3 e5 10. Nbd2 h6 11. Qc2 Bf5 12. Ne4 Re8 13. Bc1 Qd7 14. Rd1 Rad8 15. Rb1 Bh3 16. Nxf6+ Bxf6 17. Bh1 Bf5 18. Nd2 Be7 19. c5 Be6 20. b4 axb4 21. axb4 Bd5 22. Bxd5 Qxd5 23. Qc4 b6 24. b5 Na5 25. Qxd5 Rxd5 26. c6 f5 27. Kf1 Bf8 28. Nf3 Bc5 29. Ne1 Kf7 30. Nc2 Red8 31. Bd2 Ke6 32. Nb4 Bxb4 33. Rxb4 Rc5 34. Rc1 Rxc1+ 35. Bxc1 Kd5 36. Ke1 g5 37. Kd2 f4 38. Ba3 Rg8 39. Rb1 Rg6 40. Bb4 fxg3 41. hxg3 h5 42. Rh1 Rh6 43. Be7 g4 44. Kc2 Rh7 45. Bb4 Rf7 46. Rxh5 Rxf2 47. Kd2 Nb3+ 48. Ke1 Rf7 49. Rg5 Nc5 50. Rxg4 Ne6 51. Rh4 Rg7 52. Kf2 Ng5 53. Rh8 Ne6 54. Re8 Rf7+ 55. Kg2 Rg7 56. Bd2 Ng5 57. Rd8+ Kc5 58. Rd7 Rg8 59. Re7 Kd6 60. Bb4+ Kd5 61. Rd7+ Ke6 62. Rxc7 e4 63. Re7+ Kd5 64. Rd7+ Ke5 65. Bd6+ Ke6 66. Bf4 exd3 67. exd3 Nf7 68. Rxd4 1-0

[Event "SVK-chT1E 1314"]
[Site "Slovakia"]
[Date "2013.12.15"]
[Round "6.4"]
[White "Pcola, Pavol"]
[Black "Istona, Martin"]
[Result "1-0"]
[WhiteElo "2387"]
[BlackElo "2101"]
[PlyCount "157"]
[EventDate "2013.10.12"]
[EventType "team-tourn"]
[EventRounds "11"]
[EventCountry "SVK"]
[SourceTitle "EXT 2015"]
[Source "ChessBase"]
[SourceDate "2014.11.20"]
[SourceVersion "1"]
[SourceVersionDate "2014.11.20"]
[SourceQuality "1"]
[WhiteTeam "Humenne"]
[BlackTeam "Sabinov"]
[WhiteTeamCountry "SVK"]
[BlackTeamCountry "SVK"]

1. c4 e5 2. Nc3 Nc6 3. g3 d6 4. Nf3 Be6 5. b3 g6 6. d4 exd4 7. Nb5 Bg7 8. Bb2 Nge7 9. Nbxd4 Nxd4 10. Bxd4 0-0 11. Bg2 Nc6 12. Bxg7 Kxg7 13. Nd4 Bd7 14. 0-0 Qe7 15. Rc1 Kg8 16. Nb5 Be6 17. Qd2 a6 18. Nc3 f5 19. Nd5 Qg7 20. Rc3 Rae8 21. Nf4 Bd7 22. h4 Nd8 23. Rd1 Bc6 24. Bd5+ Kh8 25. Rd3 Qf6 26. a4 Bd7 27. Qa5 c6 28. Bg2 Nf7 29. Qc7 Bc8 30. Qa5 Qe5 31. Qd2 Kg7 32. b4 h6 33. h5 g5 34. Ng6 Qxe2 35. Qxe2 Rxe2 36. Nxf8 Kxf8 37. R3d2 Re5 38. Bf1 Be6 39. b5 axb5 40. cxb5 Bb3 41. bxc6 bxc6 42. Ra1 Ra5 43. Bg2 d5 44. Rb2 Rxa4 45. Re1 Ra3 46. Re3 Ra1+ 47. Kh2 Bc4 48. Rb8+ Kg7 49. Re6 Ra7 50. f4 d4 51. Rxc6 Be2 52. Bd5 Bxh5 53. Bxf7 Bxf7 54. Rd8 Ra2+ 55. Kg1 Ra1+ 56. Kf2 Ra2+ 57. Ke1 Ra1+ 58. Kd2 gxf4 59. gxf4 Ra7 60. Rxd4 Re7 61. Rd3 Be6 62. Rg3+ Kf7 63. Re3 Kf6 64. Ke1 Kf7 65. Kf2 Kf6 66. Kg3 Kf7 67. Kh4 Bd5 68. Rxe7+ Kxe7 69. Rxh6 Kf7 70. Kg3 Be4 71. Kf2 Ke7 72. Ke3 Kd7 73. Kd4 Ke7 74. Ke5 Bd3 75. Rh7+ Kf8 76. Kf6 Kg8 77. Rg7+ Kh8 78. Rg5 Kh7 79. Rxf5 1-0

[Event "SVK-chT1E 1314"]
[Site "Slovakia"]
[Date "2013.12.14"]
[Round "5.4"]
[White "Pcola, Pavol"]
[Black "Bunda, Viktor"]
[Result "1-0"]
[WhiteElo "2387"]
[BlackElo "2345"]
[PlyCount "97"]
[EventDate "2013.10.12"]
[EventType "team-tourn"]
[EventRounds "11"]
[EventCountry "SVK"]
[SourceTitle "EXT 2015"]
[Source "ChessBase"]
[SourceDate "2014.11.20"]
[SourceVersion "1"]
[SourceVersionDate "2014.11.20"]
[SourceQuality "1"]
[WhiteTeam "Humenne"]
[BlackTeam "Michalovce Zemplin"]
[WhiteTeamCountry "SVK"]
[BlackTeamCountry "SVK"]

1. c4 Nf6 2. Nc3 g6 3. g3 Bg7 4. Nf3 0-0 5. Bg2 d6 6. d4 Nc6 7. 0-0 a6 8. b3 Rb8 9. Bb2 b5 10. cxb5 axb5 11. Rc1 Bd7 12. Ne1 b4 13. Na4 Na5 14. Nd3 Rb5 15. Qd2 Qb8 16. e4 c6 17. Rfe1 h5 18. h4 Ng4 19. Rcd1 Bh6 20. Qe2 Qc7 21. e5 Bf5 22. exd6 exd6 23. Bc1 Bg7 24. Nf4 Nf6 25. d5 Bg4 26. f3 Bd7 27. dxc6 Bxc6 28. Bb2 Rd8 29. Bd4 Ne8 30. Qf2 Bxd4 31. Qxd4 Nb7 32. Rc1 Nc5 33. Nxc5 dxc5 34. Qe5 Qb7 35. Nxh5 Bxf3 36. Nf6+ Nxf6 37. Qxf6 Bxg2 38. Qxd8+ Kg7 39. Qe7 Qc6 40. Qe5+ Kh7 41. Qe8 Qxe8 42. Rxe8 Bh3 43. Re5 Ra5 44. Rc2 Bf5 45. Rexc5 Ra8 46. Rd2 Bb1 47. Rc4 Bxa2 48. Rb2 Ra3 49. Rxb4 1-0

[Event "Tatry op"]
[Site "Tatranske Zruby"]
[Date "2013.10.05"]
[Round "8"]
[White "Malik, Jan"]
[Black "Pcola, Pavol"]
[Result "1/2-1/2"]
[WhiteElo "2246"]
[BlackElo "2387"]
[PlyCount "93"]
[EventDate "2013.09.29"]
[EventType "swiss"]
[EventRounds "9"]
[EventCountry "SVK"]
[SourceTitle "CBM 156 Extra"]
[Source "ChessBase"]
[SourceDate "2013.10.22"]
[SourceVersion "1"]
[SourceVersionDate "2013.10.22"]
[SourceQuality "1"]

1. e4 e6 2. d4 d5 3. Nc3 Nf6 4. Bg5 Bb4 5. e5 h6 6. Bd2 Bxc3 7. bxc3 Ne4 8. Qg4 g6 9. Qf4 c5 10. Bd3 Nxd2 11. Qxd2 Qa5 12. Nf3 Nc6 13. dxc5 Qxc5 14. 0-0 Bd7 15. Rab1 Na5 16. Nd4 Rc8 17. Qf4 Qe7 18. Bb5 a6 19. Bxd7+ Qxd7 20. Qf6 0-0 21. Rb6 Rfe8 22. Rfb1 Qe7 23. Qf4 Qg5 24. Qxg5 hxg5 25. Ne2 Rc4 26. R1b4 Rec8 27. g3 g4 28. h3 gxh3 29. Kh2 R8c7 30. f4 Rxb4 31. Rxb4 Nc4 32. Kxh3 Ne3 33. Nd4 Nd1 34. g4 Nxc3 35. f5 gxf5 36. gxf5 Rc4 37. fxe6 fxe6 38. Rxc4 dxc4 39. Nxe6 Nxa2 40. Nc5 Nb4 41. Nxb7 Nxc2 42. Kg3 Nb4 43. Kf3 Nc6 44. Ke4 a5 45. Nd6 Nxe5 46. Kd4 a4 47. Nxc4 1/2-1/2